|
|
|
|
| LEADER |
00000nab a2200000 a 4500 |
| 001 |
vtls011114672 |
| 003 |
SK-MaSNL |
| 005 |
20260303125119.0 |
| 008 |
230218|2009 xo |||||||||||||||||eng| |
| 015 |
|
|
|a SNBRB
|
| 035 |
|
|
|a (uuid)d551fd4a-39c2-42fd-bced-58423e40375e
|
| 035 |
|
|
|a (urnnbn)urn:nbn:sk:snk:ar-a08j4s
|
| 035 |
|
|
|a urn:nbn:sk:snk-ab9leo
|
| 040 |
|
|
|a SNKBUCL
|b slo
|c SNKBUCL
|e AACR2
|
| 041 |
0 |
|
|a eng
|
| 044 |
|
|
|a xo
|c SK
|
| 100 |
1 |
|
|a Maskaľová, Iveta,
|d 1974-
|4 aut
|9 194989
|
| 245 |
1 |
0 |
|a CONTROL OF NUTRITION AND ENERGY METABOLISM IN COWS IN THE TRANSITION PHASE OF NUTRITION
|c Maskaľová I., Vajda V.
|
| 700 |
1 |
|
|a Vajda, Vladimír,
|d 1948-
|4 aut
|
| 773 |
0 |
|
|t Folia veterinaria
|g Roč. 53, č. 3 (2009), s. 148-150
|
| 958 |
|
|
|a OND
|
| 958 |
|
|
|a EUIPO
|
| 958 |
|
|
|a article13
|
| 999 |
|
|
|c 1933181
|d 1935111
|